| 000 -LEADER |
| fixed length control field |
01207nam a22001577a 4500 |
| 008 - FIXED-LENGTH DATA ELEMENTS--GENERAL INFORMATION |
| fixed length control field |
231026b ||||| |||| 00| 0 eng d |
| 100 ## - MAIN ENTRY--PERSONAL NAME |
| Personal name |
Sitling, Jyotsna |
| 245 ## - TITLE STATEMENT |
| Title |
The Indian forest service & imperatives of green economy |
| 260 ## - PUBLICATION, DISTRIBUTION, ETC. (IMPRINT) |
| Place of publication, distribution, etc |
The Journal of Governance |
| 300 ## - PHYSICAL DESCRIPTION |
| Extent |
27, Jul, 2023: p.78-90 |
| 520 ## - SUMMARY, ETC. |
| Summary, etc |
This paper tries to look into the emerging social and environmental landscapes of forest, wildlife and biodiversity conservation management in the context of climate change and biodiversity loss. While dwelling upon the above imperatives, it throws light on some of the critical human resource functions of the Indian Forest Service that need to be relooked and be addressed now in the conservation governance of the country, focusing on the need to keep local public at the center of conservation agenda in the contextual landscapes. This paper has been written based on author’s own experience of working on social innovations with public to address conservation agenda through landscape approach on the ground.- Reproduced |
| 650 ## - SUBJECT ADDED ENTRY--TOPICAL TERM |
| Topical term or geographic name as entry element |
Indian forest service, Green economy |
| 9 (RLIN) |
44613 |
| 773 ## - HOST ITEM ENTRY |
| Main entry heading |
The Journal of Governance |
| 906 ## - LOCAL DATA ELEMENT F, LDF (RLIN) |
| Subject DIP |
FOREST SERVICES |
| 942 ## - ADDED ENTRY ELEMENTS (KOHA) |
| Item type |
Articles |